MARC details
| 000 -LEADER |
| fixed length control field |
04184cam a2200493 i 4500 |
| 001 - CONTROL NUMBER |
| control field |
GVRL86HA |
| 003 - CONTROL NUMBER IDENTIFIER |
| control field |
MiFhGG |
| 005 - DATE AND TIME OF LATEST TRANSACTION |
| control field |
20250820004433.0 |
| 006 - FIXED-LENGTH DATA ELEMENTS--ADDITIONAL MATERIAL CHARACTERISTICS |
| fixed length control field |
m o d |
| 007 - PHYSICAL DESCRIPTION FIXED FIELD--GENERAL INFORMATION |
| fixed length control field |
cr un ---uuuua |
| 008 - FIXED-LENGTH DATA ELEMENTS--GENERAL INFORMATION |
| fixed length control field |
181120t20192019pauabd ob 001 0 eng d |
| 020 ## - INTERNATIONAL STANDARD BOOK NUMBER |
| International Standard Book Number |
9781522584957 |
| Qualifying information |
(electronic book) |
| 020 ## - INTERNATIONAL STANDARD BOOK NUMBER |
| Canceled/invalid ISBN |
9781522584940 |
| Qualifying information |
(hardcover) |
| 020 ## - INTERNATIONAL STANDARD BOOK NUMBER |
| Canceled/invalid ISBN |
9781522585138 |
| Qualifying information |
(softcover) |
| 035 ## - SYSTEM CONTROL NUMBER |
| System control number |
(OCoLC)1089935150 |
| 040 ## - CATALOGING SOURCE |
| Original cataloging agency |
MiFhGG |
| Language of cataloging |
eng |
| Transcribing agency |
MiFhGG |
| Description conventions |
rda |
| -- |
pn |
| 050 #4 - LIBRARY OF CONGRESS CALL NUMBER |
| Classification number |
G155.A1 |
| Item number |
G56 2019 |
| 245 00 - TITLE STATEMENT |
| Title |
Global trends, practices, and challenges in contemporary tourism and hospitality management / |
| Statement of responsibility, etc. |
Debasish Batabyal, Amity University Kolkata, India, Dillip Kumar Das, University of Burdwan, India, [editors]. |
| 264 #1 - PRODUCTION, PUBLICATION, DISTRIBUTION, MANUFACTURE, AND COPYRIGHT NOTICE |
| Place of production, publication, distribution, manufacture |
Hershey, Pennsylvania : |
| Name of producer, publisher, distributor, manufacturer |
Business Science Reference, an imprint of IGI Global, |
| Date of production, publication, distribution, manufacture, or copyright notice |
[2019] |
| 264 #4 - PRODUCTION, PUBLICATION, DISTRIBUTION, MANUFACTURE, AND COPYRIGHT NOTICE |
| Date of production, publication, distribution, manufacture, or copyright notice |
�2019 |
| 300 ## - PHYSICAL DESCRIPTION |
| Extent |
1 online resource (xxii, 318 pages) : |
| Other physical details |
illustrations (chiefly color), maps, charts. |
| 336 ## - CONTENT TYPE |
| Content type term |
text |
| Content type code |
txt |
| Source |
rdacontent |
| 337 ## - MEDIA TYPE |
| Media type term |
computer |
| Media type code |
c |
| Source |
rdamedia |
| 338 ## - CARRIER TYPE |
| Carrier type term |
online resource |
| Carrier type code |
cr |
| Source |
rdacarrier |
| 490 1# - SERIES STATEMENT |
| Series statement |
Premier reference source |
| 490 0# - SERIES STATEMENT |
| Series statement |
Gale eBooks |
| 490 1# - SERIES STATEMENT |
| Series statement |
Advances in hospitality, tourism, and the services industry (AHTSI) book series |
| 490 0# - SERIES STATEMENT |
| Series statement |
Gale eBooks |
| 504 ## - BIBLIOGRAPHY, ETC. NOTE |
| Bibliography, etc. note |
Includes bibliographical references and index. |
| 505 0# - FORMATTED CONTENTS NOTE |
| Formatted contents note |
ch. 1. Impacts of anthropogenic and tourism activities on river water quality : a case study of Betwa River Stretch, Madhya Pradesh, India / Ravi Sharma -- ch. 2. Revaluing saltscapes in Portugal : ecotourism, ecomuseums and environmental education / Carlos Balsas -- ch. 3. Guest retention through automation : an analysis of emerging trends in hotels in Indian sub-continent / Partho Pratim Seal -- ch. 4. Restaurant management system (RMS) and digital conversion : a descriptive study for the new era / Emel Memis Kocaman, Mehmet Kocaman -- ch. 5. Urban and rural ecotourism in and around Bolpur : a study of destination marketing and challenges--ecotourism practices in West Bengal, India / Debasish Batabyal, Dillip Kumar Das -- ch. 6. Sustainable development and ecotourism consciousness : an empirical analysis for Kallakurichi, Tamil Nadu, India / Abhijit Pandit -- ch. 7. Understanding the importance of the banking system in the Romanian tourism and hospitality industry / Cristi Spulbar, Birau Ramona, Jatin Trivedi -- ch. 8. Indian tourism industry : current trends and future outlook / Natisha Saqib -- ch. 9. Pricing for Hill Tourism Destination : an empirical analysis of Sikkim Himalaya, India--linear price model for Himalayan Hill Station / Debasish Batabyal -- ch. 10. FIBRAs as a tool for investment diversification in the Mexican hotel sector : the case of FIBRA Inn / Jose G. Vargas-Hernandez, Hugo Daniel Gonzalez-Altamirano -- ch. 11. Christianity and tourism development in Nigeria : a socio-economic discourse / Floribert Patrick C. Endong -- ch. 12. Assessment of the internal control system in the accommodation firm and its relation to performance / Murat Erdogan -- ch. 13. Academic tourism : a segment on the rise / Jakson Renner Rodrigues Soares. |
| 520 ## - SUMMARY, ETC. |
| Summary, etc. |
This book discusses and analyzes the impacts of new trends in the tourism industry, including sub-sectors of tourism, and revisits existing trends, identifies new types and forms of tourism, and discusses the influence and use of technology. |
| 588 ## - SOURCE OF DESCRIPTION NOTE |
| Source of description note |
Description based on print version record. |
| 650 #0 - SUBJECT ADDED ENTRY--TOPICAL TERM |
| Topical term or geographic name entry element |
Tourism |
| General subdivision |
Management. |
| 650 #0 - SUBJECT ADDED ENTRY--TOPICAL TERM |
| Topical term or geographic name entry element |
Hospitality industry |
| General subdivision |
Management. |
| 700 1# - ADDED ENTRY--PERSONAL NAME |
| Personal name |
Batabyal, Debasish, |
| Dates associated with a name |
1978- |
| Relator term |
editor. |
| 700 1# - ADDED ENTRY--PERSONAL NAME |
| Personal name |
Das, Dilip Kumar, |
| Dates associated with a name |
1974- |
| Relator term |
editor. |
| 710 2# - ADDED ENTRY--CORPORATE NAME |
| Corporate name or jurisdiction name as entry element |
Gale (Firm) |
| 776 08 - ADDITIONAL PHYSICAL FORM ENTRY |
| Relationship information |
Print version: |
| Title |
Global trends, practices, and challenges in contemporary tourism and hospitality management. |
| Place, publisher, and date of publication |
Hershey PA : Business Science Reference, an imprint of IGI Global, [2019] |
| International Standard Book Number |
9781522584940 |
| Record control number |
(DLC) 2018054600 |
| 830 #0 - SERIES ADDED ENTRY--UNIFORM TITLE |
| Uniform title |
Premier reference source. |
| 830 #0 - SERIES ADDED ENTRY--UNIFORM TITLE |
| Uniform title |
Advances in hospitality, tourism, and the services industry book series. |
| 856 40 - ELECTRONIC LOCATION AND ACCESS |
| Uniform Resource Identifier |
<a href="https://link.gale.com/apps/pub/86HA/GVRL?sid=gale_marc&u=phurs">https://link.gale.com/apps/pub/86HA/GVRL?sid=gale_marc&u=phurs</a> |
| Public note |
Available via Gale eBooks. Click here to access |
| 912 ## - |
| -- |
86HA |
| 942 ## - ADDED ENTRY ELEMENTS (KOHA) |
| Source of classification or shelving scheme |
Library of Congress Classification |
| Koha item type |
E-Book |